000 00498nam a2200205Ia 4500
003 OSt
005 20140318133228.0
008 140130s9999 xx 000 0 und d
020 _a9780439086301
050 _aPZ 10.3
_b.K869Hg 1974
100 _aKraus, Robert
245 _cRobert Kraus.
_aHerman the Helper /
260 _bScholastic,
_c1974.
_aNew York :
300 _a32 p. :
_bcol. ill. ;
_c28 cm.
440 _v1
521 _aBR
526 _cBR
942 _cBK
_2lcc
999 _c41502
_d41502